<?xml version="1.0" encoding="UTF-8"?>
<record
    xmlns:xsi="http://www.w3.org/2001/XMLSchema-instance"
    xsi:schemaLocation="http://www.loc.gov/MARC21/slim http://www.loc.gov/standards/marcxml/schema/MARC21slim.xsd"
    xmlns="http://www.loc.gov/MARC21/slim">

  <leader>00841nam a2200169 i 4500</leader>
  <controlfield tag="001">167943</controlfield>
  <controlfield tag="003">ES-MaACL</controlfield>
  <controlfield tag="005">20230906213632.0</controlfield>
  <controlfield tag="008">051003s1878    xxk          |||| | eng d</controlfield>
  <datafield tag="100" ind1="1" ind2=" ">
    <subfield code="a">Wines, Enoch Cobb (</subfield>
    <subfield code="d">1806-1879)</subfield>
    <subfield code="9">117073</subfield>
  </datafield>
  <datafield tag="245" ind1="1" ind2="0">
    <subfield code="a">Oscar the first, (late king of Sweden and Norway,) and the penitentiary question </subfield>
    <subfield code="b">: remarks at the banquet given by Oscar the Second at the Palace of Drottningholm, Aug. 24, 1878, to the members of the International Prison Congress / </subfield>
    <subfield code="c">by Wines.</subfield>
  </datafield>
  <datafield tag="260" ind1=" " ind2=" ">
    <subfield code="a">London : </subfield>
    <subfield code="b">Spottswoode &amp; co., </subfield>
    <subfield code="c">1878.</subfield>
  </datafield>
  <datafield tag="300" ind1=" " ind2=" ">
    <subfield code="a">12 p. ; </subfield>
    <subfield code="c">22 cm.</subfield>
  </datafield>
  <datafield tag="650" ind1=" " ind2="4">
    <subfield code="a">Establecimientos penitenciarios-</subfield>
    <subfield code="v">Congresos y asambleas.</subfield>
    <subfield code="9">163123</subfield>
  </datafield>
  <datafield tag="711" ind1="2" ind2=" ">
    <subfield code="a">Congreso Penitenciario Internacional (</subfield>
    <subfield code="d">1878. </subfield>
    <subfield code="c">Estocolmo)</subfield>
    <subfield code="9">165779</subfield>
  </datafield>
  <datafield tag="852" ind1=" " ind2=" ">
    <subfield code="a">ES-MaACL</subfield>
    <subfield code="j">D-221(1) </subfield>
    <subfield code="z">- Enc. pasta espa&#xF1;ola </subfield>
    <subfield code="z">. - Donativo de Lastres, 1907</subfield>
  </datafield>
  <datafield tag="999" ind1=" " ind2=" ">
    <subfield code="c">167943</subfield>
    <subfield code="d">167943</subfield>
  </datafield>
  <datafield tag="952" ind1=" " ind2=" ">
    <subfield code="0">0</subfield>
    <subfield code="1">0</subfield>
    <subfield code="4">0</subfield>
    <subfield code="7">0</subfield>
    <subfield code="8">LIBXIX</subfield>
    <subfield code="a">ATENEOM</subfield>
    <subfield code="b">ATENEOM</subfield>
    <subfield code="c">SVI</subfield>
    <subfield code="d">2008-01-17</subfield>
    <subfield code="e">SSC</subfield>
    <subfield code="l">0</subfield>
    <subfield code="o">D-221(1)</subfield>
    <subfield code="p">901176191</subfield>
    <subfield code="r">2023-02-23 00:00:00</subfield>
    <subfield code="w">2023-02-23</subfield>
    <subfield code="y">MONANT</subfield>
  </datafield>
</record>
